Sports Quiz

Random Sports or MLB Quiz

Rare Baseball Feats Quiz Stats

 Plays Quiz Updated Sep 23, 2017

Score 0/56 Timer 08:00
0 Plays Today
% Correct
Randy Johnson
80.3%
Felix Hernandez
78.3%
Josh Hamilton
70%
J.D. Martinez
67.1%
Roy Halladay
66.7%
David Cone
64.7%
Matt Cain
64.3%
David Wells
63.5%
Dennis Martinez
61.1%
Mark Buehrle
57.8%
Sandy Koufax
56.6%
Willie Mays
51.9%
Mike Schmidt
48.8%
Carlos Delgado
48.6%
Lou Gehrig
48%
Shawn Green
47.8%
Cy Young
47.3%
Don Larsen
46.7%
Dallas Braden
42.7%
Scooter Gennett
41.5%
Kenny Rogers
36.7%
Catfish Hunter
32.7%
Troy Tulowitzki
31%
Philip Humber
28.6%
Mike Cameron
28.2%
Mark Whiten
27.5%
Tom Browning
26.1%
Jim Bunning
24.7%
% Correct
Bob Horner
23.5%
Mike Witt
23.4%
Asdrubal Cabrera
21.6%
Len Barker
20%
Rafael Furcal
17.3%
Rocky Colavito
17%
Gil Hodges
15.7%
Chuck Klein
15%
Mickey Morandini
12.4%
Joe Adcock
12.3%
Addie Joss
10.9%
John Valentin
10.8%
Eric Bruntlett
10.4%
Ed Delahanty
8.6%
Bill Wambsganss
6.1%
Charlie Robertson
5.6%
Randy Velarde
5.3%
John Montgomery Ward
4.8%
Ron Hansen
4.6%
Bobby Lowe
3.8%
Lee Richmond
3.7%
Pat Seerey
2.5%
Glenn Wright
2.5%
Neal Ball
1.9%
Johnny Neun
1.6%
George Burns
1.5%
Jimmy Cooney
1.3%
Ernie Padgett
1%

You're not logged in!

Compare scores with friends on all Sporcle quizzes.
OR
Log In

Sporcle TV

Today on Sporcle TV


Watch our educational content, quiz creation guides, and fun videos on Sporcle TV.

Show Comments

Extras

Top Quizzes Today


Score Distribution

Your Account Isn't Verified!

In order to create a playlist on Sporcle, you need to verify the email address you used during registration. Go to your Sporcle Settings to finish the process.

Report this User

Report this user for behavior that violates our Community Guidelines.

Details: